000 00548cam a22002291 4500
001 sa 64004665
003 DLC
005 20260227112027.0
008 900105s1964 ii 000 0 hino
010 _asa 64004665
035 _a(OCoLC)20851203
040 _aDLC
_cWaU
_dDLC
042 _apremarc
043 _aa-ii---
050 0 0 _aJA84.I4
_bN3
100 1 _aNāgapāla, O. P.
245 1 0 _aRājanītika nibandha.
260 _c1964.
300 _a280 p.
_c23 cm.
500 _aIn Hindi.
650 0 _aPolitical science
_zIndia
_xHistory.
999 _c58674
_d58674